000 00404cam a2200145ua 4500
041 _aeng
_h
082 _a828.09
_bBEN/JA
100 _aBently, Gerald eaders .
245 _aJacobean and caroline stage: plays and playwright Vol.IV /
_cGerald Bently.
_hTextual Documents
260 _a :
_bOxford & IBH Book Company ,
_c1956.
300 _a959 ; .
504 _a
942 _cBK
999 _c11831
_d11831